[Event "Ursus op"]
[Site "Ursus"]
[Date "2006.06.04"]
[Round "8"]
[White "Jefimow, Bronislaw"]
[Black "Grzesiak, Filip"]
[Result "1-0"]
[WhiteElo "1800"]
[BlackElo "1835"]
[PlyCount "133"]
[EventDate "2006.05.27"]
[EventType "swiss"]
[EventRounds "9"]
[EventCountry "POL"]
[SourceTitle "EXT 2008"]
[Source "ChessBase"]
[SourceDate "2007.11.25"]
[SourceVersion "1"]
[SourceVersionDate "2007.11.25"]
[SourceQuality "1"]

1. b4 d5 2. e3 Bf5 3. Nf3 e6 4. a3 Nf6 5. Bb2 Be7 6. Be2 0-0 7. 0-0 c5 8. bxc5 Bxc5 9. d3 Nbd7 10. Nbd2 Qc7 11. Nh4 Bg6 12. Nxg6 hxg6 13. c4 Rac8 14. cxd5 Nxd5 15. Rc1 Qd8 16. d4 Bd6 17. Rxc8 Qxc8 18. Qb3 N7b6 19. Rc1 Qb8 20. g3 Rc8 21. Kg2 Rxc1 22. Bxc1 Qc7 23. Bb2 Qc6 24. Bf3 Qa4 25. Qd3 Qd7 26. Ne4 e5 27. Nxd6 Qxd6 28. Qb3 exd4 29. Bxd4 Qd7 30. a4 g5 31. h3 Qe6 32. Qb2 Nxa4 33. Qxb7 Nac3 34. Bxc3 Nxc3 35. Qxa7 f5 36. Qd4 Qf6 37. Qc4+ Kh7 38. g4 f4 39. exf4 gxf4 40. h4 Kh8 41. Qc8+ Kh7 42. g5 Qe5 43. Qc6 Nb5 44. Be4+ Kg8 45. Qc8+ Kf7 46. Qd7+ Kf8 47. Qf5+ Qxf5 48. Bxf5 Nd4 49. Be4 Kf7 50. Kh3 Ke6 51. f3 Ke5 52. Kg4 Nb5 53. h5 Nd6 54. Bc2 Nf7 55. Bb3 Nd6 56. h6 gxh6 57. gxh6 Ne8 58. Kg5 Nf6 59. Kg6 Nd7 60. h7 Nf8+ 61. Kg7 Nxh7 62. Kxh7 Kf6 63. Bc2 Ke5 64. Kg6 Ke6 65. Kg5 Ke5 66. Be4 Ke6 67. Kxf4 1-0

[Event "Ursus op"]
[Site "Ursus"]
[Date "2006.06.04"]
[Round "9"]
[White "Mlynarski, Zbigniew"]
[Black "Jefimow, Bronislaw"]
[Result "0-1"]
[WhiteElo "1800"]
[BlackElo "1800"]
[PlyCount "154"]
[EventDate "2006.05.27"]
[EventType "swiss"]
[EventRounds "9"]
[EventCountry "POL"]
[SourceTitle "EXT 2008"]
[Source "ChessBase"]
[SourceDate "2007.11.25"]
[SourceVersion "1"]
[SourceVersionDate "2007.11.25"]
[SourceQuality "1"]

1. e4 e6 2. d4 d5 3. exd5 exd5 4. Bd3 Nf6 5. Ne2 Be7 6. 0-0 0-0 7. Nbc3 c6 8. Bf4 Bg4 9. h3 Bh5 10. Qd2 Nbd7 11. Ng3 Bg6 12. Be2 Bb4 13. a3 Ba5 14. b4 Bc7 15. Bxc7 Qxc7 16. f4 Rae8 17. Kh2 Ne4 18. Ngxe4 Bxe4 19. Nxe4 Rxe4 20. Bd3 Re7 21. Qf2 Nf6 22. Kg1 Rfe8 23. g4 Ne4 24. Qg2 g6 25. c4 dxc4 26. Bxc4 Nd6 27. Bd3 Qb6 28. Rad1 Qxd4+ 29. Kh1 Ne4 30. f5 Nc3 31. Rd2 Ne4 32. Rdd1 Nc3 33. Rd2 Qd5 34. Rf3 Ne4 35. Rd1 Ng5 36. Rff1 Qxg2+ 37. Kxg2 Re3 38. fxg6 hxg6 39. h4 Ne6 40. h5 g5 41. Rf5 Nf4+ 42. Rxf4 gxf4 43. h6 Rg3+ 44. Kf2 Rxg4 45. h7+ Kh8 46. Bb1 Rg7 47. Rd7 f6 48. Rd6 Rf8 49. Rd4 a6 50. Rxf4 Rxh7 51. Bxh7 Kxh7 52. Kf3 Kg6 53. a4 f5 54. Kg3 Kf6 55. Rf1 Rg8+ 56. Kf3 Rd8 57. Ke3 Ke5 58. Rb1 f4+ 59. Kf3 Rd3+ 60. Ke2 Re3+ 61. Kf2 Re4 62. Kf3 Rc4 63. Rb3 b5 64. axb5 axb5 65. Ke2 Ke4 66. Kf2 Rc2+ 67. Ke1 f3 68. Kd1 f2 69. Kxc2 f1Q 70. Rc3 Qe2+ 71. Kb3 Kd5 72. Rc5+ Kd6 73. Rc3 Qd1+ 74. Ka3 Qa4+ 75. Kb2 Qxb4+ 76. Rb3 Qd2+ 77. Ka1 Qa5+ 0-1

[Event "Ursus op"]
[Site "Ursus"]
[Date "2006.05.28"]
[Round "4"]
[White "Jefimow, Bronislaw"]
[Black "Witek, Pawel"]
[Result "1/2-1/2"]
[WhiteElo "1800"]
[BlackElo "1892"]
[PlyCount "88"]
[EventDate "2006.05.27"]
[EventType "swiss"]
[EventRounds "9"]
[EventCountry "POL"]
[SourceTitle "EXT 2008"]
[Source "ChessBase"]
[SourceDate "2007.11.25"]
[SourceVersion "1"]
[SourceVersionDate "2007.11.25"]
[SourceQuality "1"]

1. b4 d5 2. Bb2 Bf5 3. Nf3 e6 4. a3 Nf6 5. d3 c5 6. bxc5 Bxc5 7. Bd4 Qb6 8. Bxc5 Qxc5 9. e3 0-0 10. Nd4 Bg6 11. Be2 Nbd7 12. 0-0 Rac8 13. c3 e5 14. Nb3 Qb6 15. Qc2 Nc5 16. Nxc5 Qxc5 17. Qb2 Rfe8 18. Qb4 d4 19. Qxc5 Rxc5 20. c4 b5 21. Nd2 Rd8 22. exd4 exd4 23. Nb3 Re5 24. Rfe1 Rde8 25. Nxd4 Bxd3 26. Kf1 Bxc4 27. Bxc4 bxc4 28. Rxe5 Rxe5 29. Nc6 Rc5 30. Nxa7 c3 31. Rc1 Ne4 32. Rc2 Ra5 33. Nc6 Rxa3 34. f3 Nc5 35. Ne7+ Kf8 36. Nd5 Na4 37. Ke2 g6 38. Ke3 Kg7 39. Kd4 Rb3 40. g4 Rb2 41. Kd3 Kh6 42. h4 Nb6 43. Nxb6 Rxb6 44. Rxc3 Kg7 1/2-1/2

[Event "Ursus op"]
[Site "Ursus"]
[Date "2006.05.27"]
[Round "2"]
[White "Jefimow, Bronislaw"]
[Black "Bielevski, Pavel"]
[Result "1-0"]
[WhiteElo "1800"]
[BlackElo "1800"]
[PlyCount "84"]
[EventDate "2006.05.27"]
[EventType "swiss"]
[EventRounds "9"]
[EventCountry "POL"]
[SourceTitle "EXT 2008"]
[Source "ChessBase"]
[SourceDate "2007.11.25"]
[SourceVersion "1"]
[SourceVersionDate "2007.11.25"]
[SourceQuality "1"]

1. b4 e5 2. Bb2 d6 3. e3 Be6 4. c4 g6 5. d4 Bg7 6. dxe5 Bxe5 7. Bxe5 dxe5 8. Qxd8+ Kxd8 9. Nc3 Nf6 10. Nf3 Nbd7 11. 0-0-0 Ke7 12. Ng5 Rhd8 13. Nxe6 Kxe6 14. c5 c6 15. Bc4+ Ke7 16. f3 b6 17. cxb6 Nxb6 18. Bb3 Nfd5 19. Nxd5+ Nxd5 20. Bxd5 cxd5 21. Kb2 Ke6 22. Rc1 Rdc8 23. a4 Rab8 24. Rxc8 Rxc8 25. Rc1 Rxc1 26. Kxc1 Kd6 27. Kd2 Kc6 28. Kd3 f5 29. e4 f4 30. b5+ Kc5 31. exd5 Kxd5 32. a5 Kc5 33. b6 axb6 34. axb6 Kxb6 35. Ke4 Kc5 36. Kxe5 Kc4 37. Kxf4 Kd5 38. Kg5 Ke5 39. g3 Ke6 40. Kh6 Kf6 41. h4 Kf5 42. Kxh7 Kf6 1-0